| 000 | 00705nam a2200193 a 4500 | ||
|---|---|---|---|
| 020 | _a3528023023 | ||
| 040 | _cDJBF | ||
| 082 | 0 | 0 | _a574 VIE 1991 C155 Or. |
| 245 | 0 | 0 |
_aBiological monitoring : _bsignals from the environment / |
| 260 |
_aBraunschweig : _bVieweg, _cc1991. |
||
| 300 |
_a318 p. : _bill. ; _c24 cm. |
||
| 500 | _a"A publication of Deutsches Zentrum für Entwicklungstechnologien- GATE, a division of the Deutsche Gesellschaft für Technische Zusammenarbeit (GTZ) GmbH." | ||
| 650 | 0 | _aIndicators (Biology) | |
| 650 | 0 | _aBiological monitoring. | |
| 650 | 0 | _aEnvironmental auditing. | |
| 700 | 1 | _aEllenberg, Hermann. | |
| 710 | 2 | _aGerman Appropriate Technology Exchange. | |
| 942 | _cAEDBB | ||
| 999 |
_c18832 _d18832 |
||